书目信息 |
| 题名: |
矩阵论
|
|
| 作者: | 程云鹏 主编 | |
| 分册: | ||
| 出版信息: | 西安 西北工业大学出版社 2002 |
|
| 页数: | 447页 | |
| 开本: | 20cm | |
| 丛书名: | ||
| 单 册: | ||
| 中图分类: | O151.21 | |
| 科图分类: | ||
| 主题词: | 代数 , 数论 , 组合数学 | |
| 电子资源: | ||
| ISBN: | 7-5612-1135-X | |
| 000 | 00593nam0 2200229 45 | |
| 001 | 0306041588 | |
| 005 | 20070712144433.12 | |
| 010 | @a7-5612-1135-X@dCNY18.00 | |
| 100 | @a20030604d2002 km y0chiy0120 ea | |
| 101 | 0 | @achi |
| 200 | 1 | @a矩阵论@AJu Zhen Lun@f程云鹏主编@FCheng Yun Peng Zhu Bian |
| 205 | @a2版 | |
| 210 | @a西安@c西北工业大学出版社@d2002 | |
| 215 | @a447页@d20cm | |
| 300 | @a高等学校教材 | |
| 606 | 0 | @a代数 |
| 606 | 0 | @a数论 |
| 606 | 0 | @a组合数学 |
| 690 | @aO151.21@v4 | |
| 701 | 0 | @a程云鹏@4主编 |
| 801 | @aCN@bTSTC@c20070712 | |
| 905 | @b323800-804@dO151.21@e142=2@f5 | |
| 矩阵论/程云鹏主编.-2版.-西安:西北工业大学出版社,2002 |
| 447页;20cm |
| 高等学校教材 |
| ISBN 7-5612-1135-X:CNY18.00 |
| ● |
| 相关链接 |
|
|
|
|
正题名:矩阵论
索取号:O151.21/142=2
 
预约/预借
| 序号 | 登录号 | 条形码 | 馆藏地/架位号 | 状态 | 备注 |
| 1 | 0323800 | 203238004 | 第三借阅区/ [索取号:O151.21/142=2] | 在馆 | |
| 2 | 0323801 | 203238013 | 第三借阅区/ [索取号:O151.21/142=2] | 在馆 | |
| 3 | 0323802 | 203238022 | 第三借阅区/ [索取号:O151.21/142=2] | 在馆 | |
| 4 | 0323803 | 203238031 | 第三借阅区/ [索取号:O151.21/142=2] | 在馆 | |
| 5 | 0323804 | 203238040 | 第二样本阅览室/ [索取号:O151.21/142=2] | 在馆 | |
| 6 | 0769665 | 207696652 | 密集书库/ [索取号:O151.21/142=2] | 在馆 |